[Event "Liga Madrileña - DH 2018-2019"]
[Site "Madrid ESP"]
[Date "2019.02.24"]
[Round "11.4"]
[White "Ruperez Benito, Antonio"]
[Black "Suarez Uriel, Adrian"]
[Result "0-1"]
[WhiteElo "2340"]
[BlackElo "2403"]
[PlyCount "110"]
[EventDate "2018.11.18"]
[EventType "team-tourn"]
[EventRounds "14"]
[EventCountry "ESP"]
[SourceTitle "Ajedrez en Madrid"]
[Source "lmi"]
[SourceDate "2018.11.18"]
[SourceVersion "1"]
[SourceVersionDate "2019.04.02"]
[SourceQuality "1"]
[WhiteTeam "64 Villalba"]
[BlackTeam "Collado Villalba"]
[WhiteTeamCountry "ESP"]
[BlackTeamCountry "ESP"]

1. e4 d6 2. Nf3 Nf6 3. Nc3 e5 4. d4 Nbd7 5. Bc4 Be7 6. O-O Nb6 7. Be2 exd4 8.
Nxd4 O-O 9. Re1 c6 10. Bf4 d5 11. e5 Ne8 12. Bd3 g6 13. Bh6 Ng7 14. Qf3 c5 15.
Ndb5 Be6 16. Rad1 Qd7 17. h3 a6 18. Nd6 f5 19. Bf1 d4 20. Nb1 Bd5 21. Qa3 Qc6
22. c3 dxc3 23. Nxc3 Be6 24. Be2 Qc7 25. Bf3 Rfd8 26. Bxb7 Nc4 27. Nxc4 Qxb7
28. Nd6 Qc6 29. Qa4 Qxa4 30. Nxa4 Bxa2 31. Bxg7 Kxg7 32. Nxc5 Rdb8 33. Re2 Bg8
34. Rd4 a5 35. Red2 Rb6 36. g4 fxg4 37. hxg4 Rc6 38. Nce4 Be6 39. Nc3 Rf8 40.
Ra4 Rc5 41. Re4 Bg5 42. Rdd4 Bc1 43. Re2 Bf4 44. Nb7 Rc7 45. Nxa5 g5 46. f3 Ra8
47. Rd6 Bxg4 48. fxg4 Rxa5 49. Rd5 Ra6 50. Nb5 Rc1+ 51. Kg2 Rh6 52. Rd7+ Kf8
53. Kf3 Rc5 54. e6 Rh3+ 55. Ke4 Re5+ 0-1

[Event "Liga Madrileña - DH 2018-2019"]
[Site "Madrid ESP"]
[Date "2019.02.24"]
[Round "11.5"]
[White "Martin Duque, Jesus"]
[Black "Longa Yauca, Javier"]
[Result "0-1"]
[WhiteElo "2393"]
[BlackElo "2241"]
[PlyCount "93"]
[EventDate "2018.11.18"]
[EventType "team-tourn"]
[EventRounds "14"]
[EventCountry "ESP"]
[SourceTitle "Ajedrez en Madrid"]
[Source "lmi"]
[SourceDate "2018.11.18"]
[SourceVersion "1"]
[SourceVersionDate "2019.04.02"]
[SourceQuality "1"]
[WhiteTeam "Collado Villalba"]
[BlackTeam "64 Villalba"]
[WhiteTeamCountry "ESP"]
[BlackTeamCountry "ESP"]

1. e4 e6 2. d4 d5 3. Nc3 Nf6 4. e5 Nfd7 5. f4 c5 6. Nf3 Nc6 7. Be3 cxd4 8. Nxd4
Bc5 9. Qd2 a6 10. O-O-O Nxd4 11. Bxd4 Qc7 12. Qe3 O-O 13. Bd3 Bxd4 14. Qxd4 Qc5
15. Ne2 f6 16. exf6 gxf6 17. Qxc5 Nxc5 18. Nc3 Kh8 19. Rhe1 f5 20. g3 b5 21. b4
Ne4 22. Bxe4 fxe4 23. Kb2 Kg7 24. Re3 h5 25. Ne2 Bd7 26. Rxe4 dxe4 27. Rxd7+
Kf6 28. Rd4 Rad8 29. Rxe4 Rd2 30. Kc3 Rd1 31. Re5 Rc8+ 32. Kb2 Rd5 33. Rxd5
exd5 34. Nc3 Rd8 35. a4 d4 36. Ne4+ Kf5 37. Nc5 Rd6 38. a5 Kg4 39. Ne4 Re6 40.
h3+ Kf5 41. Nc5 Rg6 42. g4+ hxg4 43. hxg4+ Kxg4 44. Nb3 Rd6 45. Nc5 Kxf4 46.
Kb3 Rh6 47. Nd3+ 0-1

[Event "Liga Madrileña - DH 2018-2019"]
[Site "Madrid ESP"]
[Date "2019.02.24"]
[Round "11.6"]
[White "Lopez del Alamo, Antonio"]
[Black "Quispe Arteaga, Gabriel"]
[Result "1-0"]
[WhiteElo "2263"]
[BlackElo "2373"]
[PlyCount "63"]
[EventDate "2018.11.18"]
[EventType "team-tourn"]
[EventRounds "14"]
[EventCountry "ESP"]
[SourceTitle "Ajedrez en Madrid"]
[Source "lmi"]
[SourceDate "2018.11.18"]
[SourceVersion "1"]
[SourceVersionDate "2019.04.02"]
[SourceQuality "1"]
[WhiteTeam "64 Villalba"]
[BlackTeam "Collado Villalba"]
[WhiteTeamCountry "ESP"]
[BlackTeamCountry "ESP"]

1. e4 c5 2. Nf3 Nc6 3. Bb5 e6 4. O-O Nge7 5. b3 a6 6. Bxc6 Nxc6 7. Bb2 f6 8.
Nh4 Qe7 9. f4 b6 10. c3 Kd8 11. Nf3 d5 12. e5 f5 13. d4 cxd4 14. cxd4 h6 15.
Rf2 Bd7 16. Ba3 Nb4 17. Nc3 a5 18. Rc1 g5 19. Na4 Rb8 20. Rfc2 gxf4 21. Qf1
Bxa4 22. bxa4 Qd7 23. Bxb4 axb4 24. Qa6 Qb7 25. Qb5 Qd7 26. Rc6 Rb7 27. Qa6 Ke8
28. Rxe6+ Kf7 29. Rxb6 Rxb6 30. Qxb6 Be7 31. Rc7 Qe6 32. Rc6 1-0

[Event "Liga Madrileña - DH 2018-2019"]
[Site "Madrid ESP"]
[Date "2019.03.02"]
[Round "12.1"]
[White "Moreno Trujillo, Alejandro"]
[Black "Espinosa Aranda, Angel"]
[Result "1/2-1/2"]
[WhiteElo "2518"]
[BlackElo "2480"]
[PlyCount "78"]
[EventDate "2018.11.18"]
[EventType "team-tourn"]
[EventRounds "14"]
[EventCountry "ESP"]
[SourceTitle "Ajedrez en Madrid"]
[Source "lmi"]
[SourceDate "2018.11.18"]
[SourceVersion "1"]
[SourceVersionDate "2019.04.02"]
[SourceQuality "1"]
[WhiteTeam "64 Villalba"]
[BlackTeam "Virgen de Atocha"]
[WhiteTeamCountry "ESP"]
[BlackTeamCountry "ESP"]

1. Nf3 Nf6 2. c4 b6 3. g3 Bb7 4. Bg2 g6 5. d4 Bg7 6. O-O O-O 7. b3 c5 8. Bb2
cxd4 9. Bxd4 Nc6 10. Bb2 Rc8 11. Nc3 d6 12. Re1 Nd7 13. Qd2 Nde5 14. Nxe5 Bxe5
15. Nd5 e6 16. Ne3 h5 17. Bxe5 dxe5 18. Qxd8 Rfxd8 19. Red1 Kf8 20. Kf1 Ke7 21.
Ke1 h4 22. Rxd8 Rxd8 23. Rd1 hxg3 24. hxg3 Rh8 25. Kd2 f5 26. Rh1 Rxh1 27. Bxh1
e4 28. Bg2 Kd6 29. Kc3 Ne5 30. Bh3 Nd7 31. Nc2 a6 32. e3 Ne5 33. Kd2 Nd3 34. f4
Nf2 35. Bg2 e5 36. Ke1 Nd3+ 37. Kd2 Nf2 38. Ne1 Bc6 39. Nc2 Bb7 1/2-1/2

[Event "Liga Madrileña - DH 2018-2019"]
[Site "Madrid ESP"]
[Date "2019.03.02"]
[Round "12.2"]
[White "Almagro Llamas, Pablo"]
[Black "Pulvett Marin, Daniel Eduardo"]
[Result "0-1"]
[WhiteElo "2458"]
[BlackElo "2459"]
[PlyCount "168"]
[EventDate "2018.11.18"]
[EventType "team-tourn"]
[EventRounds "14"]
[EventCountry "ESP"]
[SourceTitle "Ajedrez en Madrid"]
[Source "lmi"]
[SourceDate "2018.11.18"]
[SourceVersion "1"]
[SourceVersionDate "2019.04.02"]
[SourceQuality "1"]
[WhiteTeam "Virgen de Atocha"]
[BlackTeam "64 Villalba"]
[WhiteTeamCountry "ESP"]
[BlackTeamCountry "ESP"]

1. b3 d5 2. Nf3 Bg4 3. Bb2 Nd7 4. g3 Ngf6 5. Bg2 e6 6. O-O Bd6 7. d3 a5 8. a4
O-O 9. Nbd2 e5 10. e4 dxe4 11. dxe4 Re8 12. h3 Bh5 13. Qe2 Nc5 14. Qe3 Ra6 15.
Rfd1 Qc8 16. Bf1 Ra8 17. Re1 b6 18. Bg2 h6 19. Nc4 Bg6 20. Nfxe5 Bxe4 21. Qc3
Bxe5 22. Nxe5 Bxg2 23. Kxg2 Nce4 24. Qc4 Ng5 25. g4 Rxe5 26. Bxe5 Qb7+ 27. Kh2
Nf3+ 28. Kg3 Nh4 29. Qf1 Ne4+ 30. Rxe4 Qxe4 31. Re1 Qf3+ 32. Kh2 Re8 33. Re3
Qc6 34. Bg3 Nf3+ 35. Kh1 Nh4+ 36. Kg1 Nf3+ 37. Kh1 Rxe3 38. fxe3 Ne1+ 39. Kg1
Nxc2 40. Qd3 Qf3 41. Bf2 Nb4 42. Qd8+ Kh7 43. Qxc7 Qd1+ 44. Kg2 Qd5+ 45. Kg1
Qxb3 46. Qd7 Qb1+ 47. Kh2 Qg6 48. e4 Qxe4 49. Qxf7 Nd5 50. Qb7 Qf4+ 51. Kg1
Qc1+ 52. Kh2 Qd2 53. Kg1 Qd3 54. Qd7 Qd1+ 55. Kh2 Qf3 56. Kg1 Nf6 57. Qb5 Qxh3
58. Qf5+ Kh8 59. Qc8+ Ng8 60. Bxb6 Qg3+ 61. Kh1 Qf3+ 62. Kh2 Qe2+ 63. Kh1 Qe1+
64. Kh2 Qe2+ 65. Kh3 h5 66. Qc5 Qe6 67. Qd4 hxg4+ 68. Kg2 Qe2+ 69. Kg1 Qe1+ 70.
Kg2 Qe2+ 71. Kg1 g3 72. Qh4+ Nh6 73. Qxg3 Qd1+ 74. Kh2 Qxa4 75. Qc7 Qh4+ 76.
Kg1 Qg4+ 77. Kh2 a4 78. Bc5 Nf5 79. Bf2 Qf3 80. Kg1 a3 81. Qa5 Qd1+ 82. Kh2 Qd3
83. Qa4 Kh7 84. Qa5 Qc2 0-1

[Event "Liga Madrileña - DH 2018-2019"]
[Site "Madrid ESP"]
[Date "2019.03.02"]
[Round "12.3"]
[White "Khamrakulov, Ibragim S"]
[Black "Rubio Mejia, Luis Ignacio"]
[Result "0-1"]
[WhiteElo "2444"]
[BlackElo "2433"]
[PlyCount "142"]
[EventDate "2018.11.18"]
[EventType "team-tourn"]
[EventRounds "14"]
[EventCountry "ESP"]
[SourceTitle "Ajedrez en Madrid"]
[Source "lmi"]
[SourceDate "2018.11.18"]
[SourceVersion "1"]
[SourceVersionDate "2019.04.02"]
[SourceQuality "1"]
[WhiteTeam "64 Villalba"]
[BlackTeam "Virgen de Atocha"]
[WhiteTeamCountry "ESP"]
[BlackTeamCountry "ESP"]

1. e4 c5 2. c3 Nf6 3. e5 Nd5 4. Bc4 e6 5. Nf3 d6 6. d4 cxd4 7. cxd4 Be7 8. O-O
Nc6 9. Qe2 O-O 10. Qe4 Bd7 11. exd6 Bxd6 12. Nc3 Nce7 13. Ng5 Nf6 14. Qxb7 Nc6
15. Qa6 Bxh2+ 16. Kxh2 Qc7+ 17. g3 Nb4 18. Bf4 e5 19. Nxf7 Ng4+ 20. Kg1 exf4
21. Nd8+ Kh8 22. Qb7 Qxd8 23. Qxb4 Qg5 24. Qb7 f3 25. Qxd7 Qh5 26. Qxg4 Qxg4
27. Rfe1 Qxd4 28. Bd5 Rae8 29. Bxf3 Rb8 30. Rad1 Qf6 31. Rd3 Rxb2 32. Re4 Rbb8
33. Rf4 Qa6 34. Rxf8+ Rxf8 35. Re3 Qf6 36. Kg2 g6 37. Nd5 Qa6 38. a3 Qd6 39.
Nf4 a5 40. Rd3 Qc7 41. Nd5 Qc5 42. Nf4 Rb8 43. Ne6 Qa7 44. Rd2 Qe7 45. Nf4 Qxa3
46. Rd7 Rf8 47. Bd5 Qc5 48. Nd3 Qd4 49. Bc6 Qc4 50. Ne5 Rxf2+ 51. Kxf2 Qc5+ 52.
Kf3 Qxe5 53. Be4 Kg8 54. g4 h5 55. gxh5 gxh5 56. Rd5 Qc3+ 57. Rd3 Qf6+ 58. Kg2
a4 59. Rg3+ Kh8 60. Rg6 Qe5 61. Kf3 a3 62. Ra6 h4 63. Bb1 Qb2 64. Rh6+ Kg7 65.
Rg6+ Kf7 66. Rg1 Kf6 67. Rf1 Kg5 68. Rg1+ Kh5 69. Bg6+ Kh6 70. Bb1 a2 71. Bxa2
Qxa2 0-1

[Event "Liga Madrileña - DH 2018-2019"]
[Site "Madrid ESP"]
[Date "2019.03.02"]
[Round "12.4"]
[White "Plazuelo Pascual, Juan"]
[Black "Ruperez Benito, Antonio"]
[Result "1/2-1/2"]
[WhiteElo "2429"]
[BlackElo "2339"]
[PlyCount "29"]
[EventDate "2018.11.18"]
[EventType "team-tourn"]
[EventRounds "14"]
[EventCountry "ESP"]
[SourceTitle "Ajedrez en Madrid"]
[Source "lmi"]
[SourceDate "2018.11.18"]
[SourceVersion "1"]
[SourceVersionDate "2019.04.02"]
[SourceQuality "1"]
[WhiteTeam "Virgen de Atocha"]
[BlackTeam "64 Villalba"]
[WhiteTeamCountry "ESP"]
[BlackTeamCountry "ESP"]

1. d4 d5 2. c4 e6 3. Nc3 Nf6 4. cxd5 exd5 5. Bg5 Be7 6. e3 c6 7. Bd3 Nbd7 8. h3
Nf8 9. Bf4 Ng6 10. Bg3 O-O 11. Nf3 Re8 12. Qc2 Bb4 13. Ne5 Ne4 14. Bxe4 dxe4
15. Nxg6 1/2-1/2

[Event "Liga Madrileña - DH 2018-2019"]
[Site "Madrid ESP"]
[Date "2019.03.02"]
[Round "12.5"]
[White "Longa Yauca, Javier"]
[Black "Cabrera Trujillo, Jorge Juan"]
[Result "1-0"]
[WhiteElo "2248"]
[BlackElo "2320"]
[PlyCount "113"]
[EventDate "2018.11.18"]
[EventType "team-tourn"]
[EventRounds "14"]
[EventCountry "ESP"]
[SourceTitle "Ajedrez en Madrid"]
[Source "lmi"]
[SourceDate "2018.11.18"]
[SourceVersion "1"]
[SourceVersionDate "2019.04.02"]
[SourceQuality "1"]
[WhiteTeam "64 Villalba"]
[BlackTeam "Virgen de Atocha"]
[WhiteTeamCountry "ESP"]
[BlackTeamCountry "ESP"]

1. d4 Nf6 2. c4 g6 3. Nc3 Bg7 4. e4 O-O 5. Nge2 d6 6. g3 Nbd7 7. Bg2 e5 8. O-O
exd4 9. Nxd4 Re8 10. Re1 Nc5 11. h3 Bd7 12. Nc2 Bc6 13. f3 h5 14. Bg5 Ne6 15.
Be3 h4 16. g4 g5 17. Qd2 Nh7 18. Rad1 Nhf8 19. Qc1 Be5 20. Nd5 Ng6 21. Bf1 Bg3
22. Bf2 Ne5 23. Qe3 Bxd5 24. cxd5 Nf4 25. Nd4 c5 26. dxc6 bxc6 27. Nf5 Bxf2+
28. Qxf2 Qb6 29. Re3 d5 30. Rb3 Qxf2+ 31. Kxf2 Rab8 32. Rxb8 Rxb8 33. b3 dxe4
34. fxe4 a5 35. Rd4 Ne6 36. Ra4 Rb4 37. Rxa5 Rxe4 38. Ra4 Rxa4 39. bxa4 Kf8 40.
a5 c5 41. Ke3 Nc6 42. a6 Nc7 43. Bg2 Na7 44. Bb7 Ke8 45. Nd6+ Ke7 46. Nc8+ Nxc8
47. Bxc8 Nb5 48. a4 Na7 49. Bb7 Kd7 50. Ke4 Ke6 51. Bd5+ Ke7 52. Bc4 f6 53. Kd5
Kd7 54. Kxc5 Ke7 55. Bd5 Nc8 56. Bg2 Na7 57. Bb7 1-0

[Event "Liga Madrileña - DH 2018-2019"]
[Site "Madrid ESP"]
[Date "2019.03.02"]
[Round "12.6"]
[White "Aguilera Lopez, Alejandro"]
[Black "Veganzonez Rojo, David"]
[Result "1-0"]
[WhiteElo "2203"]
[BlackElo "2137"]
[PlyCount "125"]
[EventDate "2018.11.18"]
[EventType "team-tourn"]
[EventRounds "14"]
[EventCountry "ESP"]
[SourceTitle "Ajedrez en Madrid"]
[Source "lmi"]
[SourceDate "2018.11.18"]
[SourceVersion "1"]
[SourceVersionDate "2019.04.02"]
[SourceQuality "1"]
[WhiteTeam "Virgen de Atocha"]
[BlackTeam "64 Villalba"]
[WhiteTeamCountry "ESP"]
[BlackTeamCountry "ESP"]

1. d4 d5 2. Nf3 Nf6 3. e3 c5 4. Nbd2 Nc6 5. c3 e6 6. Bd3 Qc7 7. O-O Be7 8. Qe2
O-O 9. e4 cxd4 10. e5 dxc3 11. exf6 Bxf6 12. bxc3 Bxc3 13. Ba3 Bb4 14. Bb2 f6
15. Bc2 Bd6 16. Rac1 Qf7 17. Nh4 g5 18. Nhf3 e5 19. Rfd1 Be6 20. Ne1 Rad8 21.
Nf1 d4 22. a3 Na5 23. Ng3 Nc4 24. Bf5 b5 25. Nf3 Rfe8 26. h4 g4 27. Nh2 Bxf5
28. Nxf5 Qg6 29. Nxg4 Bf8 30. Rxc4 bxc4 31. Qf3 h5 32. Nh2 c3 33. Bc1 e4 34.
Qf4 d3 35. Nf1 d2 36. Bxd2 cxd2 37. Rxd2 Rxd2 38. Nxd2 Bxa3 39. Nxe4 Re5 40.
Neg3 Bf8 41. Qc4+ Kh8 42. Qc8 Qe8 43. Qa6 Qe6 44. Qd3 a5 45. Qf3 Qf7 46. Ne3 a4
47. Nc2 Rb5 48. Ne4 Rb3 49. Qf5 Kg7 50. Nd4 Rb1+ 51. Kh2 Rb6 52. Qa5 Bd6+ 53.
Nxd6 Rxd6 54. Nf5+ Kg6 55. Nxd6 Qb3 56. Qf5+ Kg7 57. Qd7+ Kh6 58. Nf5+ Kg6 59.
Ne7+ Kh7 60. f4 Qb8 61. Qf5+ Kh8 62. Qxf6+ Kh7 63. Qf7+ 1-0

[Event "Liga Madrileña - DH 2018-2019"]
[Site "Madrid ESP"]
[Date "2019.03.03"]
[Round "12.1"]
[White "Vallejo Diaz, Javier"]
[Black "Ovejero, Juan Manuel"]
[Result "1-0"]
[WhiteElo "2368"]
[BlackElo "2250"]
[PlyCount "137"]
[EventDate "2018.11.18"]
[EventType "team-tourn"]
[EventRounds "14"]
[EventCountry "ESP"]
[SourceTitle "Ajedrez en Madrid"]
[Source "lmi"]
[SourceDate "2018.11.18"]
[SourceVersion "1"]
[SourceVersionDate "2019.04.02"]
[SourceQuality "1"]
[WhiteTeam "Alcorcon"]
[BlackTeam "San Sebastian de los Reyes"]
[WhiteTeamCountry "ESP"]
[BlackTeamCountry "ESP"]

1. d4 b6 2. Nf3 Bb7 3. Bf4 e6 4. e3 Nf6 5. Nbd2 Nh5 6. Bg5 Be7 7. Bxe7 Qxe7 8.
Bd3 d6 9. c3 Nd7 10. g4 Nhf6 11. g5 Nh5 12. Rg1 g6 13. Qe2 a6 14. Be4 d5 15.
Bc2 e5 16. dxe5 O-O-O 17. O-O-O Nxe5 18. Nxe5 Qxe5 19. Nf3 Qe8 20. Rd2 f6 21.
Bb3 Rf8 22. Rgd1 fxg5 23. Nxg5 Qe7 24. f4 Rde8 25. Re1 Nf6 26. Bc2 Kb8 27. h3
Qc5 28. Rd4 Re7 29. Nf3 Nd7 30. Qf2 Rfe8 31. Qd2 Ka7 32. Ba4 c6 33. Bc2 Nf8 34.
Ne5 Ne6 35. Rd3 a5 36. Ba4 g5 37. Qh2 Rf8 38. Rd2 gxf4 39. exf4 b5 40. f5 Nd8
41. Bc2 b4 42. cxb4 axb4 43. Kb1 Nf7 44. Rde2 Rfe8 45. Nd3 Rxe2 46. Rxe2 Rxe2
47. Qxe2 Qg1+ 48. Nc1 Nd6 49. Qe7 Nc4 50. Qxb4 Qf2 51. b3 Nd2+ 52. Kb2 Ba6 53.
Qc3 c5 54. Nd3 Bxd3 55. Qxd3 d4 56. Qb5 c4 57. bxc4 Qe3 58. Qb4 d3 59. Qa3+ Kb7
60. Qxd3 Qe5+ 61. Kc1 Qe1+ 62. Bd1 Ne4 63. f6 Nxf6 64. Kb2 Kc7 65. Bc2 Nd7 66.
Qc3 Qe7 67. Qa5+ Kb8 68. a3 Qe3 69. Qd8+ 1-0

[Event "Liga Madrileña - DH 2018-2019"]
[Site "Madrid ESP"]
[Date "2019.03.03"]
[Round "12.2"]
[White "Quevedo Marin, Manuel"]
[Black "Vallejo Diaz, Jesus"]
[Result "0-1"]
[WhiteElo "2191"]
[BlackElo "2195"]
[PlyCount "92"]
[EventDate "2018.11.18"]
[EventType "team-tourn"]
[EventRounds "14"]
[EventCountry "ESP"]
[SourceTitle "Ajedrez en Madrid"]
[Source "lmi"]
[SourceDate "2018.11.18"]
[SourceVersion "1"]
[SourceVersionDate "2019.04.02"]
[SourceQuality "1"]
[WhiteTeam "San Sebastian de los Reyes"]
[BlackTeam "Alcorcon"]
[WhiteTeamCountry "ESP"]
[BlackTeamCountry "ESP"]

1. e4 Nf6 2. e5 Nd5 3. d4 d6 4. Nf3 g6 5. Be2 Bg7 6. O-O O-O 7. c4 Nb6 8. h3
Nc6 9. exd6 cxd6 10. Nc3 Bf5 11. Bg5 h6 12. Be3 d5 13. c5 Nc4 14. Bc1 b6 15. b3
N4a5 16. cxb6 axb6 17. Be3 Be4 18. Qd2 Bxf3 19. Bxf3 e6 20. Rac1 Kh7 21. Rfd1
f5 22. Nb5 Rc8 23. Bf4 Nb7 24. Re1 Re8 25. Bh2 Qd7 26. g4 Bf8 27. gxf5 gxf5 28.
Bh5 Re7 29. Kh1 Rg7 30. Qe2 Bb4 31. Rg1 Rcg8 32. Rxg7+ Rxg7 33. Qc2 Ncd8 34. a3
Be7 35. b4 Bf6 36. Qd3 Nf7 37. Bxf7 Rxf7 38. Re1 Re7 39. Bd6 Rg7 40. Bg3 Rg6
41. Rc1 Bg5 42. Rc2 Bd8 43. Qe3 f4 44. Bxf4 e5 45. dxe5 Qf5 46. Bh2 d4 0-1

[Event "Liga Madrileña - DH 2018-2019"]
[Site "Madrid ESP"]
[Date "2019.03.03"]
[Round "12.3"]
[White "Garcia Dorado, Alberto"]
[Black "Reyes Peñas, Sebastian"]
[Result "0-1"]
[WhiteElo "2221"]
[BlackElo "2180"]
[PlyCount "40"]
[EventDate "2018.11.18"]
[EventType "team-tourn"]
[EventRounds "14"]
[EventCountry "ESP"]
[SourceTitle "Ajedrez en Madrid"]
[Source "lmi"]
[SourceDate "2018.11.18"]
[SourceVersion "1"]
[SourceVersionDate "2019.04.02"]
[SourceQuality "1"]
[WhiteTeam "Alcorcon"]
[BlackTeam "San Sebastian de los Reyes"]
[WhiteTeamCountry "ESP"]
[BlackTeamCountry "ESP"]

1. d4 Nf6 2. c4 e6 3. g3 Bb4+ 4. Bd2 Qe7 5. Nf3 O-O 6. Bg2 Bxd2+ 7. Qxd2 d6 8.
Nc3 e5 9. O-O c6 10. e4 Bg4 11. h3 Bxf3 12. Bxf3 Qe6 13. dxe5 dxe5 14. Kg2 Qxc4
15. Qd6 Nbd7 16. Rfd1 Qc5 17. Na4 Qa5 18. b3 Rad8 19. Rac1 Rfe8 20. Rc2 Nxe4
0-1

[Event "Liga Madrileña - DH 2018-2019"]
[Site "Madrid ESP"]
[Date "2019.03.03"]
[Round "12.4"]
[White "Alfaya Marcelo, Roberto"]
[Black "Ruiz Muzquiz, Ignacio"]
[Result "1-0"]
[WhiteElo "2143"]
[BlackElo "1641"]
[PlyCount "93"]
[EventDate "2018.11.18"]
[EventType "team-tourn"]
[EventRounds "14"]
[EventCountry "ESP"]
[SourceTitle "Ajedrez en Madrid"]
[Source "lmi"]
[SourceDate "2018.11.18"]
[SourceVersion "1"]
[SourceVersionDate "2019.04.02"]
[SourceQuality "1"]
[WhiteTeam "San Sebastian de los Reyes"]
[BlackTeam "Alcorcon"]
[WhiteTeamCountry "ESP"]
[BlackTeamCountry "ESP"]

1. d4 d5 2. c4 dxc4 3. Nc3 e5 4. dxe5 Qxd1+ 5. Kxd1 c6 6. g3 Bc5 7. Ne4 Be7 8.
Bg2 Bf5 9. Be3 Nd7 10. f4 O-O-O 11. Ke1 a5 12. Rc1 Be6 13. Nf3 h6 14. Nd4 Bd5
15. Nf5 g6 16. Nfd6+ Kb8 17. Nxc4 Bb4+ 18. Kf2 g5 19. a3 gxf4 20. Bxf4 Bc5+ 21.
Nxc5 Nxc5 22. Nd6 Bxg2 23. Kxg2 Rxd6 24. exd6 Nd7 25. Kf3 Ngf6 26. e4 h5 27. h3
Re8 28. Rhe1 Ka7 29. b4 a4 30. b5 c5 31. e5 Nd5 32. Re4 N5b6 33. g4 hxg4+ 34.
hxg4 Nd5 35. Rxa4+ Kb6 36. Re4 Kxb5 37. a4+ Kc6 38. g5 Nxf4 39. Kxf4 Kd5 40.
Rd1+ Ke6 41. Rh1 Rg8 42. Rh6+ Rg6 43. Rh8 Kd5 44. Re8 Re6 45. Re7 Kc6 46. Rxe6
fxe6 47. g6 1-0

[Event "Liga Madrileña - DH 2018-2019"]
[Site "Madrid ESP"]
[Date "2019.03.02"]
[Round "12.1"]
[White "Bolado Saez, Sergio"]
[Black "Fernandez Blazquez, Diego"]
[Result "0-1"]
[WhiteElo "2370"]
[BlackElo "2237"]
[PlyCount "62"]
[EventDate "2018.11.18"]
[EventType "team-tourn"]
[EventRounds "14"]
[EventCountry "ESP"]
[SourceTitle "Ajedrez en Madrid"]
[Source "lmi"]
[SourceDate "2018.11.18"]
[SourceVersion "1"]
[SourceVersionDate "2019.04.02"]
[SourceQuality "1"]
[WhiteTeam "Blanco y Negro"]
[BlackTeam "San Fernando de Henares"]
[WhiteTeamCountry "ESP"]
[BlackTeamCountry "ESP"]

1. d4 Nf6 2. c4 e6 3. Nf3 d5 4. e3 c6 5. Nbd2 Nbd7 6. b3 Be7 7. Bd3 O-O 8. Bb2
b6 9. O-O Bb7 10. Ne5 c5 11. f4 dxc4 12. bxc4 cxd4 13. exd4 Rc8 14. Qe2 Re8 15.
Ndf3 h6 16. g4 Nxe5 17. Nxe5 Nd7 18. Nxf7 Kxf7 19. g5 Nf6 20. Rae1 Qd6 21. f5
hxg5 22. fxe6+ Kg8 23. d5 Qc5+ 24. Rf2 Rf8 25. Ref1 g4 26. Qe5 b5 27. Bd4 Qc7
28. Qf5 bxc4 29. Rc1 g3 30. Bxf6 gxf2+ 31. Kf1 Qxh2 0-1

[Event "Liga Madrileña - DH 2018-2019"]
[Site "Madrid ESP"]
[Date "2019.03.02"]
[Round "12.2"]
[White "Jimenez Lopez, Antonio"]
[Black "Taboas Rodriguez, Daniel"]
[Result "0-1"]
[WhiteElo "2206"]
[BlackElo "2340"]
[PlyCount "84"]
[EventDate "2018.11.18"]
[EventType "team-tourn"]
[EventRounds "14"]
[EventCountry "ESP"]
[SourceTitle "Ajedrez en Madrid"]
[Source "lmi"]
[SourceDate "2018.11.18"]
[SourceVersion "1"]
[SourceVersionDate "2019.04.02"]
[SourceQuality "1"]
[WhiteTeam "San Fernando de Henares"]
[BlackTeam "Blanco y Negro"]
[WhiteTeamCountry "ESP"]
[BlackTeamCountry "ESP"]

1. e4 e6 2. d4 d5 3. Nc3 Nf6 4. e5 Nfd7 5. f4 c5 6. Nf3 Nc6 7. Be3 a6 8. Qd2 b5
9. dxc5 Bxc5 10. Bd3 Qb6 11. Bf2 Bb7 12. O-O Rc8 13. Rae1 Bxf2+ 14. Rxf2 Nc5
15. f5 b4 16. Nd1 Ne4 17. Bxe4 dxe4 18. Ng5 exf5 19. Nxf7 O-O 20. Nd6 Nxe5 21.
Nxc8 Rxc8 22. Ne3 Rf8 23. c4 Nd3 24. g3 g6 25. Ng2 Rd8 26. Qe3 Qxe3 27. Rxe3
Nxf2 28. Kxf2 Rd4 29. b3 Kf7 30. Re2 Ke6 31. h4 h6 32. Nf4+ Kf6 33. Ke3 Rd7 34.
Rd2 Rxd2 35. Kxd2 g5 36. hxg5+ hxg5 37. Nh3 Bc8 38. Ke3 f4+ 39. gxf4 Bxh3 40.
fxg5+ Ke5 41. g6 Bf5 42. g7 Bh7 0-1

[Event "Liga Madrileña - DH 2018-2019"]
[Site "Madrid ESP"]
[Date "2019.03.02"]
[Round "12.3"]
[White "Alarcia Astiz, Carlos"]
[Black "Garrido Olivares, Ricard"]
[Result "1-0"]
[WhiteElo "2285"]
[BlackElo "2167"]
[PlyCount "43"]
[EventDate "2018.11.18"]
[EventType "team-tourn"]
[EventRounds "14"]
[EventCountry "ESP"]
[SourceTitle "Ajedrez en Madrid"]
[Source "lmi"]
[SourceDate "2018.11.18"]
[SourceVersion "1"]
[SourceVersionDate "2019.04.02"]
[SourceQuality "1"]
[WhiteTeam "Blanco y Negro"]
[BlackTeam "San Fernando de Henares"]
[WhiteTeamCountry "ESP"]
[BlackTeamCountry "ESP"]

1. e4 c6 2. d4 d5 3. f3 dxe4 4. fxe4 e5 5. Nf3 Bg4 6. Bc4 Nd7 7. O-O Ngf6 8. c3
Bd6 9. Qb3 O-O 10. Qxb7 exd4 11. cxd4 Nxe4 12. Nc3 Nxc3 13. bxc3 Qb6 14. Rb1
Qxb7 15. Rxb7 Nf6 16. Ng5 Bh5 17. Rxf6 gxf6 18. Ne4 Bxh2+ 19. Kxh2 Kg7 20. Bf4
a5 21. Nc5 Kg6 22. Bd6 1-0

[Event "Liga Madrileña - DH 2018-2019"]
[Site "Madrid ESP"]
[Date "2019.03.02"]
[Round "12.4"]
[White "Ocaña Lameiro, Oliver"]
[Black "Shen, Yue"]
[Result "1/2-1/2"]
[WhiteElo "2012"]
[BlackElo "2262"]
[PlyCount "78"]
[EventDate "2018.11.18"]
[EventType "team-tourn"]
[EventRounds "14"]
[EventCountry "ESP"]
[SourceTitle "Ajedrez en Madrid"]
[Source "lmi"]
[SourceDate "2018.11.18"]
[SourceVersion "1"]
[SourceVersionDate "2019.04.02"]
[SourceQuality "1"]
[WhiteTeam "San Fernando de Henares"]
[BlackTeam "Blanco y Negro"]
[WhiteTeamCountry "ESP"]
[BlackTeamCountry "ESP"]

1. c4 Nf6 2. Nc3 d5 3. cxd5 Nxd5 4. Nf3 b6 5. g3 Bb7 6. Bg2 Nxc3 7. bxc3 e6 8.
O-O Be7 9. Ba3 c5 10. d4 Nd7 11. Re1 O-O 12. e4 Nf6 13. e5 Nd7 14. Nd2 Bxg2 15.
Kxg2 b5 16. Nf3 Qc7 17. Qe2 Qc6 18. Qe4 Qxe4 19. Rxe4 Rac8 20. dxc5 Bxc5 21.
Bb4 Nb6 22. Ba5 Na4 23. c4 b4 24. Ree1 Rc6 25. Rab1 Rb8 26. Rb3 Ra6 27. Bc7 Rb7
28. Bd6 Bxd6 29. exd6 Rxd6 30. Re5 Rc6 31. Rb5 Rxb5 32. cxb5 Rc2 33. a3 Rc3 34.
Rxb4 Rxa3 35. Rd4 g6 36. Rd8+ Kg7 37. Rd7 Nc3 38. Rb7 Kf6 39. Nd4 Ra5 1/2-1/2